| 000 | 00658nam a2200289Ia 4500 | ||
|---|---|---|---|
| 001 | Z_1077 | ||
| 003 | CHAP | ||
| 008 | 220113s1990 xx 000 0 und d | ||
| 010 | _a164157 | ||
| 040 | _cCHAP | ||
| 082 | _a633.2 V3 | ||
| 100 |
_aVallentine, John F _9117649 |
||
| 245 |
_aGrazing management / _cby John F. Vallentine |
||
| 260 |
_aSan Diego : _bAcademic Press, _c1990 |
||
| 300 |
_a533 p. : _bilus |
||
| 440 | _a | ||
| 500 | _a | ||
| 503 | _a153555 | ||
| 650 |
_aPastizales _xManejo _985944 |
||
| 650 |
_aPastos I. t. _9138196 |
||
| 901 | _a633.2 V3 | ||
| 902 | _aA | ||
| 910 | _a1990 | ||
| 942 | _c1 | ||
| 942 | _cc1 | ||
| 999 |
_c164157 _d164157 |
||